00993nam a2200241 450000100060000000300080000600500170001400800390003103500140007004000270008404100080011108200220011910000380014124500850017926000600026430000260032450400360035065100550038694200120044199900170045395201340047095201470060429354BD-RjUL20211209051413.0140403r19701957nyu b 001 0 eng a(BD-RjUL) aDLCcDLCdBD-RjULbeng aeng00a956.101bRAY 19701 aRamsaur, Ernest Edmondson.98539214aThe Young Turks :bprelude to the revolution of 1908 /cErnest Edmondson Ramsaur aNew York :bRussell & Russell, cc1957 [Reissued 1970]. axii, 180 p. ;c23 cm. aInclude bibliography and index. 0aTurkeyxPolitics and governmenty1878-1909.985394 2ddccBK c29354d29354 00102ddc40708NFICaRUCLbRUCLcStackd1982-06-05eHefferg6.40l0o956.101 RAY 1970r2014-04-03 00:00:00tC-3w2021-12-09yBK 00102ddc40708NFICaRUCLbRUCLcStackd1970-10-28eSwets & Zeithingerg86.00l0o956.101 RAY 1970r2016-11-29 00:00:00tC-2w2016-11-29yBK